Capitals of Unrecognized countries - Statistics

General Stats
  • This quiz has been taken 48 times
  • The average score is 12 of 18
Answer Stats
Country Capital % Correct
Israel Jerusalem
98%
Palestine Jerusalem
98%
China Beijing
95%
South Korea Seoul
95%
North Korea Pyongyang
91%
Cyprus Nicosia
88%
Northern Cyprus North Nicosia / Nicosia
88%
Taiwan Taipei
88%
Kosovo Pristina
79%
Armenia Yerevan
77%
Donetsk People's Republic Donetsk
49%
Luhansk People's Republic Luhansk
49%
Pridnestrovian Moldavian Republic Tiraspol
49%
Somaliland Hargeisa
35%
Abkhazia Sukhumi
21%
Sahrawi Arab Democratic Republic El Aaiun / Tifariti
19%
Artsakh Stepanakert
16%
South Osetia Tskhinvali
16%
No matching quizzes found
Score Distribution
Percent of People with Each Score
Percentile by Number Answered
Your Score History
You have not taken this quiz